000 01403cam a2200337 i 4500
001 26814
003 Mx-PuUPA
005 20250331090008.0
008 140415s2019 ck a gr 000 0 spa d
020 _a9789587718317
040 _cMx-PuUPA
_aMx-PuUPA
_bspa
_dMx-PuUPA
_erda
041 0 _aspa
100 1 _aPuentes Montañez, Gloria Acened,
_eautor
_916830
245 1 0 _aFormulación y evaluación de proyectos agropecuarios :
_bestructura del proyecto agropecuario, con enfoque de marco lógico /
_cGloria Acened Puentes Montañez, Daniel Fernando Prieto Puentes, Leidy Sofía Caro González
250 _aSegunda edición /
_bagosto
264 1 _aBogotá:
_bECOE ediciones,
_c2019
300 _a173 páginas :
_bilustraciones, diagramas, tablas ;
_c24 cm
336 _2rdacontent
_atexto
_btxt
337 _2rdamedia
_asin medio
_bn
338 _2rdacarrier
_avolumen
_bnc
490 0 _aColección Ciencias naturales
490 0 _aCiencias Agrarias
650 7 _2armarc
_aAdministración de proyectos
_xAgricultura
650 7 _2armarc
_aEvaluación de proyectos
_xAgricultura
700 1 _aPrieto Puentes, Daniel Fernando,
_ecolaborador
700 1 _aCaro González, Leidy Sofía,
_ecolaborador
942 _2ddc
_cLI
_h658.404
_iP77
999 _c26814
_d26814